00627 a2200181 4500003000500000005001700005040000900022082001200031100002900043245006600072260005200138300002400190600002900214650005000243942001200293999001900305952012100324Nust20230130120243.0 cNust a920,EDH aDurrani, Tehmina,911075 aAbdul Sattar Edhi an autobiography :ba mirror to the blind / aNational Bureau of PublicationsbPakistanc1996 a384 pbillusc24 cm aDurrani, Tehmina,911075 aAn autobiography of Abdul Sattar EDHI9108027 2ddccBK c187058d187058 00102ddc4070aMCSbMCScGENd2016-12-12o920,EDHpMCS21506r2016-12-08w2016-12-12yBKzAlmirah No.59, Shelf No.3